Normal view
MARC view
Entry Personal Name
001 - CONTROL NUMBER
- control field: 565692
003 - CONTROL NUMBER IDENTIFIER
- control field: OSt
005 - DATE AND TIME OF LATEST TRANSACTION
- control field: 20220930201322.0
008 - FIXED-LENGTH DATA ELEMENTS
- fixed length control field: 220930|| aca||aabn | a|a d
040 ## - CATALOGING SOURCE
- Original cataloging agency: OSt
- Transcribing agency: OSt
100 ## - HEADING--PERSONAL NAME
- Personal name: Achla
670 ## - SOURCE DATA FOUND
- Source citation: Work cat.: (OSt)901757: Achla, Kautilya arthshastra mein nari ki issthiti aur uska hitsanrakshan, 1989
